| 000 | 00755nam a22002052 4500 | ||
|---|---|---|---|
| 001 | 0000011676 | ||
| 005 | 20151217155845.0 | ||
| 008 | 081222s xx 000 0 eng d | ||
| 040 |
_aKABU _cKABU |
||
| 100 | 1 |
_aThatcher, W. S. _@0000167639 |
|
| 245 | 1 | 4 |
_aThe Fourth battalion Duke of Connaught's own tenth Baluch regiment in the great war : _b129th D. C. O. Baluchis / _cby W. S. Thatcher. |
| 250 | _a1st ed. | ||
| 260 |
_aCambridge : _bUniversity Press, _c1932. |
||
| 300 | _axix, 290 p. | ||
| 650 | 0 |
_aWorld War, 1914-1918 _xRegimental histories _zIndia. _@0000167640 |
|
| 651 | 0 |
_aIndia _vArmy _vBaluchi Regiment _vBattalion, 10th. _@0000167641 |
|
| 852 | 1 | _9p500 KES | |
| 908 | _a081222 | ||
| 950 | _@1 | ||
| 999 |
_c13322 _d13322 |
||